000 01013cam a22003017a 4500
003 CHAP
005 20220817043706.0
008 000731d1999 br r 00110 por d
010 _a81891
011 _a82863
035 _a93368
040 _cCHAP
090 _aFolleto 16003
110 2 _aEmpresa Brasileira de Pesquisa Agropecuaria
245 1 0 _aLaboratorio :
_bsolos tecido vegetal corretivos
_c/por Empresa Brasileira de Pesquisa Agropecuaria
260 _aDourados, MS :
_bEmpresa Brasileira de Pesquisa Agropecuaria,
_c1999.
300 _ahoja desplegable
590 _aBATCH-UPD
_b10
_c20130110
_lUCH01
_h1050
590 _aBATCH-UPD
_b10
_c20130410
_lUCH01
_h0647
590 _aBATCH-UPD
_b10
_c20130914
_lUCH01
_h0945
590 _aCONVERSION
_b10
_c20130109
_lUCH01
_h1345
650 1 4 _aCitología e histología vegetales.
_923495
650 1 4 _aSuelos
_xAnálisis.
_9110204
901 _aBK
905 _aLilia Sánchez G.
942 _cFOLL
949 _aFolleto 16003
_bBC
_cFOLL
_d933681
_eTS1
_i93368
_sb
999 _c81891
_d81891